| 000 | nam a22 a 4500 | ||
|---|---|---|---|
| 999 |
_c146207 _d146207 |
||
| 003 | BLK | ||
| 005 | 20220610162605.0 | ||
| 008 | 180410b bul|||||r ||||||| ||bul|| | ||
| 040 | _aBLK | ||
| 041 |
_aBUL _cBUL |
||
| 080 |
_aРуска литература _b821.161.1 _x-93-32 _z821.161.1-93-32 |
||
| 080 |
_aПолитически и национални младежки движения _b329.78 _x(47+57)(092) _z329.78(47+57)(092) |
||
| 080 |
_aИзвестна като Гуля Корольова. Руска артистка, участник във ІІ Св. война _b929 Корольова, Марионела Владимировна _z929 Корольова, Марионела Владимировна |
||
| 100 | 1 |
_aИлина, Елена _eпърви автор _gПрейс (Маршак), Лия Яковлевна _9329094 |
|
| 139 |
_aИлина, Елена _bК 85 |
||
| 245 | 1 | 0 |
_aЧетвъртата височина _bПовест за комсомолката Гуля Корольова _cЕлена Илина ; прев. от рус. Митко Горчивкин |
| 250 | _a4. изд. | ||
| 257 | _aSUN | ||
| 260 |
_aСофия _bНар. младеж _c1968 |
||
| 300 |
_a252 с. _b14 л. ил., факс. _c21 см |
||
| 380 | _aDX | ||
| 490 |
_aБиблиотека Любими книги и герои _v1 _9202134 |
||
| 500 | _aИстинското име на авт. Лия Яковлевна Прейс (Маршак) ; на прев. - Димитър Стоянов Митев. - В кн. погрешно е означено 3. изд. - 1. изд. 1947. - Гуля Корольова псевд. на Марионела Владимировна Корольова. | ||
| 600 | 1 | 4 |
_aКорольова, Марионела Владимировна _9223944 |
| 650 | 4 |
_aКомсомол - СССР _9274434 |
|
| 651 | 4 |
_aСССР _9179592 |
|
| 653 | _aкомсомол | ||
| 653 | _aдейци | ||
| 653 | _aВтора световна война | ||
| 653 | _aГуля Корольова | ||
| 700 | 1 |
_aГорчивкин, Митко _eпрев. от рус. _gМитев, Димитър Стоянов _9379347 |
|
| 700 | 1 |
_aМитев, Димитър Стоянов _e* _9318615 |
|
| 852 |
_aЦб 44001 _bЦб |
||
| 942 |
_cKNG _n0 _s1 |
||
| 944 |
_aCR _c2022-06-10 _l23.10.2013 - от С1,Р / 23.10.2013 _kВиктория_Петкова |
||
| 944 |
_aED _c2022-06-10 _kГГГ |
||